[Event "grenke Chess Open 2025"]
[Site "Karlsruhe GER"]
[Date "2025.04.18"]
[Round "3.28"]
[White "Reza, Wojciech"]
[Black "Pfreundt, Jakob"]
[Result "0-1"]
[WhiteTitle "FM"]
[BlackTitle "IM"]
[WhiteElo "2278"]
[BlackElo "2467"]
[WhiteFideId "1151967"]
[BlackFideId "12918156"]
[EventDate "2025.04.17"]

1. c4 g6 2. e4 Bg7 3. d4 d6 4. Be3 c5 5. Nc3 cxd4 6. Bxd4 Nf6 7. h3 Nc6 8. Be3
Qa5 9. Qd2 Nd7 10. Nge2 Nc5 11. Rc1 h5 12. f3 h4 13. Nf4 Be5 14. Be2 Ne6 15.
Nfd5 g5 16. b4 Qd8 17. Nb5 Bg3+ 18. Kf1 Kf8 19. Bd3 Be5 20. Kf2 b6 21. Rhd1 Rb8
22. Bf1 Bd7 23. Kg1 Rg8 24. Kh1 Rg6 25. Be2 Kg8 26. c5 bxc5 27. bxc5 a6 28. cxd6
exd6 29. Nbc3 Ncd4 30. Bxa6 Kh7 31. Ne2 Nxe2 32. Bxe2 Ba4 33. Rg1 Rb2 34. Qe1
Nd4 35. Bd1 Bxd1 36. Qxd1 Ne2 37. Re1 Nxc1 38. Qxc1 Qa5 39. Rg1 Qd8 40. a4 Qd7
41. Qc4 Qxh3+ 0-1

[Event "grenke Chess Open 2025"]
[Site "Karlsruhe GER"]
[Date "2025.04.18"]
[Round "3.29"]
[White "Aswath, S"]
[Black "Hasanov, Zaur"]
[Result "1-0"]
[WhiteTitle "IM"]
[BlackTitle "FM"]
[WhiteElo "2466"]
[BlackElo "2277"]
[WhiteFideId "46694919"]
[BlackFideId "34125970"]
[EventDate "2025.04.17"]

1. e4 c6 2. d4 d5 3. e5 Bf5 4. h4 h5 5. Bd3 Bxd3 6. Qxd3 Qa5+ 7. Nd2 e6 8. Nf3
Nh6 9. O-O Nf5 10. Nb3 Qa6 11. Qc3 Be7 12. Bg5 Bxg5 13. Nc5 Qc4 14. Qxc4 dxc4
15. hxg5 b6 16. Ne4 Ke7 17. a4 Rd8 18. c3 Rd5 19. Nfd2 b5 20. Ra2 Nd7 21. axb5
c5 22. dxc5 Nxc5 23. Nxc5 Rxc5 24. Rfa1 Rd8 25. Rxa7+ Ke8 26. b6 Rxe5 27. Nxc4
Rb5 28. Rc7 Rb8 29. Raa7 h4 30. Rxf7 Rd5 31. Kh2 Rc5 32. Rfc7 Rd5 33. b7 Kd8 34.
Rc8+ Rxc8 35. Ra8 Rb8 36. Rxb8+ Kc7 37. Re8 Kxb7 38. Rxe6 Rd1 39. Ne3 Re1 40.
Re4 Nd6 41. Rxh4 Re2 42. Rd4 Kc6 43. Kg3 g6 44. b4 Ra2 45. c4 Ra3 46. b5+ Kc7
47. Kh2 Ra2 48. Nd5+ 1-0

[Event "grenke Chess Open 2025"]
[Site "Karlsruhe GER"]
[Date "2025.04.18"]
[Round "3.30"]
[White "Ceres, Dragos"]
[Black "Stamatiou, Rodolfos"]
[Result "1-0"]
[WhiteTitle "IM"]
[BlackTitle "FM"]
[WhiteElo "2453"]
[BlackElo "2274"]
[WhiteFideId "13905864"]
[BlackFideId "25826530"]
[EventDate "2025.04.17"]

1. e4 c5 2. Nf3 d6 3. Bb5+ Bd7 4. c4 Nf6 5. Nc3 g6 6. O-O Bg7 7. d4 cxd4 8. Nxd4
O-O 9. h3 a6 10. Bxd7 Nbxd7 11. Be3 Rc8 12. Qe2 Ne5 13. b3 b5 14. f4 Ned7 15. g4
bxc4 16. bxc4 Nb6 17. e5 Ne8 18. e6 Rxc4 19. exf7+ Rxf7 20. Ne6 Qc8 21. Nxg7
Nxg7 22. Bxb6 Rxc3 23. Be3 Qe6 24. Rfe1 Rf8 25. Qd2 Qc4 26. Rac1 Rc8 27. Qf2 Rc2
28. Rxc2 Qxc2 29. Qh4 Qe4 30. Bf2 Qxf4 31. Rxe7 Qf3 32. Qh6 Qf8 33. Qe3 d5 34.
Qe5 Rc1+ 35. Kg2 Rc2 36. Qxd5+ Kh8 37. Rf7 Qg8 38. Qb7 Rxa2 39. Qf3 Nf5 40. Qc3+
Ng7 41. Qf6 Qa8+ 42. Kg3 Ra3+ 43. Kh4 g5+ 44. Qxg5 Qg8 45. Rxg7 Qf8 46. Rg8+ 1-0

[Event "grenke Chess Open 2025"]
[Site "Karlsruhe GER"]
[Date "2025.04.18"]
[Round "3.31"]
[White "Boehme, Sebastian"]
[Black "Panjwani, Raja"]
[Result "0-1"]
[WhiteTitle "FM"]
[BlackTitle "IM"]
[WhiteElo "2275"]
[BlackElo "2443"]
[WhiteFideId "16221788"]
[BlackFideId "2604493"]
[EventDate "2025.04.17"]

1. d4 Nf6 2. Nf3 g6 3. c4 Bg7 4. Nc3 d6 5. e4 O-O 6. Be2 Na6 7. O-O e5 8. dxe5
dxe5 9. Qc2 Nd7 10. a3 Nac5 11. Bg5 f6 12. Be3 Ne6 13. Rfd1 c5 14. Nd5 Rf7 15.
b4 Qf8 16. Ne1 h5 17. Nd3 b6 18. f4 Bh6 19. Rf1 Bb7 20. Qd2 exf4 21. N3xf4 Nxf4
22. Bxf4 Bxf4 23. Rxf4 Qd6 24. Raf1 Bxd5 25. Qxd5 Qxd5 26. exd5 Re8 27. Bd1 Re3
28. Ba4 Ne5 29. bxc5 bxc5 30. Rxf6 Rxf6 31. Rxf6 Rxa3 32. Bb5 Ra1+ 33. Rf1 Rxf1+
34. Kxf1 Kg7 35. Ke2 Nf7 36. Kd3 Kf6 37. Kc3 Ke7 38. Kb3 Ne5 39. h4 Nf7 40. Kc3
Nd6 41. Kd3 Nf5 42. Ke4 Nxh4 43. g4 hxg4 44. Kf4 Nf5 45. Kxg4 Nd6 46. Ba6 Kf6
47. Kf4 g5+ 48. Kg4 Kg6 49. Kf3 Kf5 50. Kg3 g4 51. Kf2 Kf4 52. Kg2 g3 53. Kf1
Kf3 54. Kg1 g2 55. Bb5 Nxb5 56. cxb5 c4 57. d6 c3 0-1

[Event "grenke Chess Open 2025"]
[Site "Karlsruhe GER"]
[Date "2025.04.18"]
[Round "3.32"]
[White "Buckels, Valentin"]
[Black "Schneider, Jana"]
[Result "1-0"]
[WhiteTitle "IM"]
[BlackTitle "FM"]
[WhiteElo "2440"]
[BlackElo "2265"]
[WhiteFideId "12942766"]
[BlackFideId "12924997"]
[EventDate "2025.04.17"]

1. d4 d5 2. Nf3 Nf6 3. Bf4 e6 4. Nbd2 Bd6 5. Bg5 Be7 6. c3 O-O 7. e3 b6 8. Bd3
Ba6 9. Bxa6 Nxa6 10. Ne5 Nb8 11. O-O Nfd7 12. Bf4 Nxe5 13. Bxe5 Bd6 14. Qh5 Bxe5
15. dxe5 c5 16. Rad1 Nc6 17. f4 Qe8 18. Qg4 f5 19. exf6 Rxf6 20. e4 Qg6 21. Qxg6
Rxg6 22. e5 Rf8 23. Rf3 h5 24. Kf2 Rg4 25. g3 h4 26. Nf1 d4 27. Kg2 Rg6 28. Nd2
a5 29. Nc4 b5 30. Nd6 b4 31. cxd4 Nxd4 32. Rf2 a4 33. Rc1 b3 34. axb3 Nxb3 35.
Rc4 hxg3 36. hxg3 Ra8 37. Ne4 Ra5 38. Rfc2 a3 39. bxa3 Rxa3 40. R4c3 Ra4 41. Ng5
Rb4 42. Rc4 Rxc4 43. Rxc4 Kf8 44. Rc3 Nd4 45. Rxc5 Ke7 46. Rc7+ Kd8 47. Rb7 Ke8
48. Kf2 Nf5 49. g4 Ne7 50. Kg3 Rh6 51. Rb6 Rh1 52. Nxe6 Rg1+ 53. Kh4 Nd5 54.
Rb8+ Kf7 55. f5 Re1 56. Rb7+ Ne7 57. Ng5+ Kf8 58. Rb8+ 1-0

[Event "grenke Chess Open 2025"]
[Site "Karlsruhe GER"]
[Date "2025.04.18"]
[Round "3.33"]
[White "Krasteva, Beloslava"]
[Black "Stankovic, Milos"]
[Result "1/2-1/2"]
[WhiteTitle "FM"]
[BlackTitle "IM"]
[WhiteElo "2272"]
[BlackElo "2439"]
[WhiteFideId "2922029"]
[BlackFideId "938190"]
[EventDate "2025.04.17"]

1. d4 d5 2. c4 e6 3. Nc3 h6 4. cxd5 exd5 5. Bf4 c6 6. e3 Bd6 7. Bxd6 Qxd6 8. Bd3
Ne7 9. Qc2 Nd7 10. Nf3 Nf6 11. h3 Be6 12. O-O O-O 13. Rab1 a5 14. Na4 Nd7 15.
Rfc1 Rac8 16. a3 b6 17. b4 axb4 18. axb4 Rc7 19. Nc5 Ra7 20. Nxd7 Bxd7 21. b5
cxb5 22. Bxb5 Bxb5 23. Rxb5 Rc8 24. Qb2 Rxc1+ 25. Qxc1 Ra5 26. Rb3 b5 27. Qc3
Qb6 28. Qb4 Ra1+ 29. Kh2 Qc7+ 30. Ne5 f6 31. Rc3 Qd8 32. Nd3 Qb8+ 33. g3 Kf7 34.
Rc5 Qd6 35. Rxb5 Qe6 36. Qb2 Rd1 37. Qc2 Ra1 38. Nf4 Qa6 39. Rb1 Ra2 40. Rb2 Ra1
41. Qd3 Qc6 42. Qc2 Qa6 43. Qe2 Qc8 44. Ra2 Rxa2 45. Qxa2 Qf5 46. Qe2 g5 47. Nd3
Kg7 48. Nc5 h5 49. f3 Qb1 50. e4 Kh6 51. h4 gxh4 52. gxh4 Ng6 53. exd5 Qb8+ 54.
Kh1 Qg3 55. Ne4 Qxh4+ 56. Qh2 Qe1+ 57. Qg1 Qh4+ 58. Qh2 Qe1+ 59. Qg1 Qh4+ 60.
Qh2 1/2-1/2

[Event "grenke Chess Open 2025"]
[Site "Karlsruhe GER"]
[Date "2025.04.18"]
[Round "3.34"]
[White "Sorensen, Hampus"]
[Black "Daeschler, Florian"]
[Result "1-0"]
[WhiteTitle "IM"]
[BlackTitle "FM"]
[WhiteElo "2436"]
[BlackElo "2264"]
[WhiteFideId "8703884"]
[BlackFideId "20678193"]
[EventDate "2025.04.17"]

1. d4 d5 2. Bf4 Nf6 3. e3 c5 4. Nf3 Nc6 5. Nbd2 cxd4 6. exd4 Bf5 7. Bb5 a6 8.
Bxc6+ bxc6 9. c4 g6 10. Ne5 dxc4 11. Ndxc4 Bg7 12. O-O Rc8 13. Qa4 O-O 14. Rfd1
Nd5 15. Bg3 Qe8 16. Qa3 f6 17. Nd3 Qf7 18. Nc5 Rfd8 19. Na5 Bh6 20. Nab7 Re8 21.
Nd3 Nc7 22. Qc5 Ne6 23. Qc3 Be4 24. Ndc5 Nxc5 25. Nxc5 Bd5 26. a4 Ra8 27. a5 Bg7
28. Re1 Bf8 29. Na4 Ra7 30. Nb6 Rd8 31. Rac1 Bh6 32. Rc2 Bf8 33. h3 Kh8 34. Bf4
Kg8 35. Qg3 Rb7 36. Bc7 Re8 37. Nxd5 Qxd5 38. Bb6 e5 39. dxe5 Rxe5 40. Rxe5 fxe5
41. Qc3 c5 42. Rd2 Qe4 43. Rd8 Qh4 44. Qxc5 Rf7 45. Qd5 1-0

[Event "grenke Chess Open 2025"]
[Site "Karlsruhe GER"]
[Date "2025.04.18"]
[Round "3.35"]
[White "Garcia Cuenca, Victor"]
[Black "Pajeken, Jakob Leon"]
[Result "1/2-1/2"]
[WhiteTitle "FM"]
[BlackTitle "IM"]
[WhiteElo "2266"]
[BlackElo "2435"]
[WhiteFideId "2250829"]
[BlackFideId "12942839"]
[EventDate "2025.04.17"]

1. d4 Nf6 2. Nf3 d5 3. Bf4 c5 4. e3 Nc6 5. Nbd2 e6 6. c3 Be7 7. h3 Bd6 8. dxc5
Bxc5 9. a3 O-O 10. b4 Bd6 11. Bxd6 Qxd6 12. c4 Rd8 13. cxd5 exd5 14. b5 Ne5 15.
Be2 Bf5 16. O-O Ne4 17. Nxe4 Bxe4 18. Nxe5 Qxe5 19. Qd4 Qxd4 20. exd4 Rac8 21.
Rfc1 Bc2 22. Kf1 Kf8 23. Ke1 Ke7 24. a4 Kd6 25. a5 Bf5 26. Kd2 Rxc1 27. Rxc1 Rc8
28. Rxc8 Bxc8 29. Bd3 h6 30. h4 b6 31. axb6 axb6 32. Ke3 Ke6 33. Kf4 Kf6 34. f3
g5+ 35. hxg5+ hxg5+ 36. Ke3 Bd7 37. g3 Be6 38. Bc2 Bc8 39. Bb1 Bd7 40. Bd3 Kg7
41. Kf2 Kh6 42. g4 f6 43. Kg3 Be8 44. f4 gxf4+ 45. Kxf4 Bd7 46. Be2 Kg6 47. Bd3+
Kf7 48. Be2 Ke7 49. Bd3 Be8 50. g5 fxg5+ 51. Kxg5 Kd6 52. Be2 Bd7 53. Bd3 Bh3
54. Kf6 Bg4 55. Bg6 Bd7 56. Bd3 Be8 57. Kf5 Bh5 58. Kf6 Bg4 59. Bg6 Bd7 1/2-1/2

[Event "grenke Chess Open 2025"]
[Site "Karlsruhe GER"]
[Date "2025.04.18"]
[Round "3.36"]
[White "Rubes, Jan"]
[Black "Oberhofer, Cedric"]
[Result "1-0"]
[WhiteTitle "IM"]
[BlackTitle "FM"]
[WhiteElo "2433"]
[BlackElo "2263"]
[WhiteFideId "338176"]
[BlackFideId "12941220"]
[EventDate "2025.04.17"]

1. Nf3 c5 2. e3 Nf6 3. d4 g6 4. Be2 Bg7 5. O-O d5 6. dxc5 O-O 7. Nc3 Nc6 8. a3
e5 9. b4 e4 10. Nd4 Ne5 11. Bb2 Bg4 12. h3 Bxe2 13. Ncxe2 Qd7 14. Bc3 h5 15. Nf4
Rfe8 16. Kh1 h4 17. Qe2 a6 18. Rfd1 Rac8 19. Nb3 Rcd8 20. a4 g5 21. Nh5 Nxh5 22.
Qxh5 Re6 23. Bxe5 Rxe5 24. Nd4 Qe7 25. Rab1 Qf6 26. Rd2 Bf8 27. c3 Be7 28. Rf1
Kg7 29. f4 gxf4 30. Qg4+ Kh8 31. Rxf4 Qh6 32. Nf5 Qh7 33. Nxe7 1-0

[Event "grenke Chess Open 2025"]
[Site "Karlsruhe GER"]
[Date "2025.04.18"]
[Round "3.38"]
[White "Kopylov, Daniel"]
[Black "Kovacsy, Barnabas"]
[Result "1/2-1/2"]
[WhiteTitle "FM"]
[BlackTitle "FM"]
[WhiteElo "2431"]
[BlackElo "2260"]
[WhiteFideId "12921971"]
[BlackFideId "769290"]
[EventDate "2025.04.17"]

1. e4 c5 2. Nf3 Nc6 3. d4 cxd4 4. Nxd4 e6 5. Nc3 Qc7 6. Be2 a6 7. O-O b5 8. Nxc6
dxc6 9. a4 b4 10. Nb1 Nf6 11. Nd2 Bc5 12. a5 O-O 13. Bd3 e5 14. h3 Be6 15. Qe2
Qc8 16. Nf3 Re8 17. Be3 Bxe3 18. Qxe3 c5 19. Nxe5 c4 20. Be2 Bxh3 21. Nxc4 Rxe4
22. Qd3 Bg4 23. Bxg4 Rxg4 24. Ne3 Rg5 25. Rfd1 h5 26. Qc4 Ng4 27. Qxc8+ Rxc8 28.
Rd5 Rxd5 29. Nxd5 Rxc2 30. Nxb4 Rxf2 31. Nxa6 Rxb2 32. Nc7 Rb7 33. a6 Rxc7 34.
a7 Rxa7 35. Rxa7 g6 1/2-1/2

[Event "grenke Chess Open 2025"]
[Site "Karlsruhe GER"]
[Date "2025.04.18"]
[Round "3.39"]
[White "Sapocinic, Semion"]
[Black "Hagner, Bennet"]
[Result "1-0"]
[BlackTitle "FM"]
[WhiteElo "2263"]
[BlackElo "2430"]
[WhiteFideId "13908693"]
[BlackFideId "16224477"]
[EventDate "2025.04.17"]

1. c4 Nf6 2. Nf3 b6 3. g3 Bb7 4. Bg2 e6 5. b3 Be7 6. Bb2 O-O 7. O-O d6 8. Nc3
Nbd7 9. d4 Ne4 10. Qc2 Nxc3 11. Bxc3 f5 12. e3 Qe8 13. Nd2 Bxg2 14. Kxg2 a5 15.
f4 c5 16. e4 cxd4 17. Bxd4 Nc5 18. Rae1 Qc6 19. Bxc5 bxc5 20. Nf3 Qd7 21. Qe2
Bf6 22. Qd3 fxe4 23. Rxe4 Rfe8 24. Rfe1 Kf8 25. R4e2 g6 26. h4 a4 27. h5 axb3
28. axb3 Kg7 29. Rd1 Ra6 30. g4 Rea8 31. g5 Ba1 32. hxg6 hxg6 33. Kg3 Qf7 34.
Ree1 Kg8 35. Nh4 e5 36. Qxg6+ Qxg6 37. Nxg6 Bd4 38. Ne7+ Kf7 39. Nd5 Ra3 40. Rd3
Re8 41. Kg4 e4 42. Rh3 e3 43. f5 e2 44. g6+ Kf8 45. f6 Bxf6 46. Nxf6 Re6 47. Kg5
Re5+ 48. Kh6 1-0

[Event "grenke Chess Open 2025"]
[Site "Karlsruhe GER"]
[Date "2025.04.18"]
[Round "3.40"]
[White "Huber, Benedikt"]
[Black "Domingo Nunez, Ruben"]
[Result "0-1"]
[WhiteTitle "FM"]
[BlackTitle "IM"]
[WhiteElo "2261"]
[BlackElo "2429"]
[WhiteFideId "12923583"]
[BlackFideId "22245570"]
[EventDate "2025.04.17"]

1. Nf3 Nf6 2. Ng1 Ng8 3. Nf3 Nf6 4. e3 g6 5. d4 Bg7 6. b3 b6 7. Bb2 Bb7 8. Be2
O-O 9. c4 e6 10. O-O a5 11. Nc3 Ne4 12. Qc2 Nxc3 13. Bxc3 d6 14. Nd2 Nd7 15. Bf3
c6 16. Be2 Qe7 17. Rfd1 Rfd8 18. a3 Rdc8 19. Qb2 d5 20. Rac1 Ba6 21. Bf1 Bf8 22.
b4 Qd8 23. bxa5 bxa5 24. c5 Rcb8 25. Qc2 Qc8 26. a4 Bxf1 27. Rxf1 Qa6 28. Rb1 e5
29. e4 exd4 30. Bxd4 Rb4 31. Rxb4 axb4 32. exd5 cxd5 33. Nb3 Nb8 34. Ba1 Nc6 35.
Qb2 d4 36. a5 Bg7 37. Rd1 Nxa5 38. h4 Nc6 39. Qc2 d3 40. Qd2 Rd8 41. Bxg7 Kxg7
42. Qf4 Qa2 43. Nd2 Qc2 44. Re1 Qxc5 45. Ne4 Qe5 46. Qf3 d2 47. Rd1 Nd4 48. Qd3
Ne6 49. Qf3 Rd4 50. Ng3 Rxh4 51. Rxd2 Qe1+ 52. Nf1 Nd4 53. Qd3 b3 54. g3 Rg4 55.
Kg2 Qe4+ 56. f3 Qxd3 57. Rxd3 b2 58. Nd2 Nc2 59. Rc3 Rd4 60. Nb1 Rd1 0-1

[Event "grenke Chess Open 2025"]
[Site "Karlsruhe GER"]
[Date "2025.04.18"]
[Round "3.41"]
[White "Paduano, Claudio"]
[Black "Nothnagel, Marian Can"]
[Result "0-1"]
[WhiteTitle "FM"]
[BlackTitle "FM"]
[WhiteElo "2259"]
[BlackElo "2424"]
[WhiteFideId "2806393"]
[BlackFideId "12921530"]
[EventDate "2025.04.17"]

1. d4 Nf6 2. c4 g6 3. Nc3 Bg7 4. e4 d6 5. Be2 O-O 6. Be3 Nbd7 7. Nf3 e5 8. d5
Ng4 9. Bg5 f6 10. Bh4 Nh6 11. O-O g5 12. Bg3 f5 13. exf5 Nxf5 14. Ne4 g4 15.
Nfg5 Nf6 16. Bxg4 Nxg3 17. Be6+ Bxe6 18. Nxe6 Ngxe4 19. Nxd8 Rfxd8 20. Qc2 a5
21. Rae1 Nc5 22. Re3 Rf8 23. b3 Rae8 24. Qe2 e4 25. f3 Nh5 26. Qd1 Bh6 27. Ree1
e3 28. g3 Ng7 29. f4 Nf5 30. Rf3 Re4 31. g4 e2 32. Rxe2 Rxe2 33. Qxe2 Nd4 34.
Qf2 Nxf3+ 35. Qxf3 Bxf4 36. Qe2 Be5 37. g5 Nd7 38. Qg4 Rf7 39. h4 Nf8 40. h5 Rg7
41. Kf2 b6 42. h6 Rf7+ 43. Ke2 Bf4 44. a3 Bc1 45. a4 Re7+ 46. Kd1 Be3 47. Qf5
Re5 48. Qc8 Rxg5 49. Qxc7 Rg6 50. Ke2 Bc5 51. Qe7 Rxh6 52. Qg5+ Rg6 53. Qh4 Rg7
54. Kf3 Rf7+ 55. Ke2 Ng6 56. Qd8+ Kg7 57. Kd2 h5 58. Qg5 h4 59. Qg4 Rf4 60. Qh5
Rf2+ 61. Ke1 Rf4 62. Kd2 Re4 63. Qf5 Re3 64. Qd7+ Kh6 0-1

[Event "grenke Chess Open 2025"]
[Site "Karlsruhe GER"]
[Date "2025.04.18"]
[Round "3.42"]
[White "Grutter, Tim"]
[Black "Goluch, Piotr"]
[Result "1-0"]
[WhiteTitle "FM"]
[BlackTitle "IM"]
[WhiteElo "2423"]
[BlackElo "2258"]
[WhiteFideId "1057472"]
[BlackFideId "1137840"]
[EventDate "2025.04.17"]

1. e4 c6 2. Nf3 d5 3. Nc3 a6 4. d4 Bg4 5. h3 Bxf3 6. Qxf3 e6 7. Be2 Nf6 8. a3
dxe4 9. Qe3 Nd5 10. Qxe4 Nxc3 11. bxc3 Nd7 12. O-O Nf6 13. Qf3 Be7 14. Rd1 Qd5
15. c4 Qxf3 16. Bxf3 O-O-O 17. Rb1 Rd7 18. Rd3 Bd6 19. Rdb3 e5 20. Bg5 h5 21. c5
Bc7 22. Rxb7 e4 23. Be2 Rxd4 24. Bxa6 Ra4 25. Rb8+ Kd7 26. Rxh8 Rxa6 27. Bxf6
gxf6 28. Rxh5 Rxa3 29. h4 1-0

[Event "grenke Chess Open 2025"]
[Site "Karlsruhe GER"]
[Date "2025.04.18"]
[Round "3.43"]
[White "Schulze, Marc"]
[Black "Colbow, Collin"]
[Result "1-0"]
[BlackTitle "IM"]
[WhiteElo "2253"]
[BlackElo "2422"]
[WhiteFideId "1271126"]
[BlackFideId "16201132"]
[EventDate "2025.04.17"]

1. d4 Nf6 2. c4 e6 3. Nf3 b6 4. g3 Bb7 5. Bg2 Bb4+ 6. Bd2 c5 7. O-O O-O 8. d5
Bxd2 9. Nfxd2 exd5 10. Nc3 d6 11. cxd5 Na6 12. Nc4 Nc7 13. a4 Rb8 14. e4 Ba8 15.
f4 a6 16. Qd3 Re8 17. Nxd6 Qxd6 18. e5 Qd8 19. exf6 Qxf6 20. d6 c4 21. Qd2 Rbd8
22. Rad1 h6 23. Bxa8 Nxa8 24. Rfe1 Rxe1+ 25. Qxe1 Qf5 26. Nd5 Qd7 27. Ne7+ Kh8
28. Qe4 b5 29. Nc6 Re8 30. Ne5 Qa7+ 31. Kg2 Kg8 32. d7 Rd8 33. Nc6 1-0

[Event "grenke Chess Open 2025"]
[Site "Karlsruhe GER"]
[Date "2025.04.18"]
[Round "3.44"]
[White "Milov, Leonid"]
[Black "Podat, Vladimir"]
[Result "1/2-1/2"]
[WhiteTitle "GM"]
[BlackTitle "FM"]
[WhiteElo "2416"]
[BlackElo "2250"]
[WhiteFideId "14101068"]
[BlackFideId "14100940"]
[EventDate "2025.04.17"]

1. c4 e6 2. g3 d5 3. Bg2 Nf6 4. Nf3 Be7 5. O-O O-O 6. b3 b6 7. d4 Bb7 8. Nc3
Nbd7 9. Bb2 c5 10. Ne1 Ne4 11. cxd5 exd5 12. Rc1 Bf6 13. Nf3 Re8 14. e3 cxd4 15.
Nxd4 Ndc5 16. Re1 Rc8 17. Rc2 Ba6 18. Bh3 Nxc3 19. Rxc3 Ne4 20. Rxc8 Bxc8 21.
Bf1 Bd7 22. Bg2 Qe7 23. Re2 h5 24. Rc2 h4 25. Qh5 Qb4 26. Qxd5 Qe1+ 1/2-1/2

[Event "grenke Chess Open 2025"]
[Site "Karlsruhe GER"]
[Date "2025.04.18"]
[Round "3.45"]
[White "Klaska, Philipp Leon"]
[Black "Di Nicolantonio, Lucas"]
[Result "0-1"]
[WhiteTitle "FM"]
[BlackTitle "IM"]
[WhiteElo "2250"]
[BlackElo "2414"]
[WhiteFideId "16238044"]
[BlackFideId "680460"]
[EventDate "2025.04.17"]

1. d4 e6 2. c4 d5 3. Nc3 c6 4. Nf3 Nf6 5. e3 Nbd7 6. Bd3 dxc4 7. Bxc4 b5 8. Bd3
Bd6 9. O-O O-O 10. b3 Bb7 11. Bb2 Qe7 12. Qe2 a6 13. Rac1 c5 14. Bb1 Rac8 15.
Rfd1 Bxf3 16. Qxf3 cxd4 17. Ne4 Rxc1 18. Bxc1 Nxe4 19. Qxe4 Nf6 20. Qxd4 Rd8 21.
Ba3 Bxh2+ 22. Kxh2 Rxd4 23. Rxd4 Qc7+ 24. Bd6 Qc6 25. b4 Ng4+ 26. Kg3 f5 27. Bc5
Nf6 28. Rd6 Ne4+ 29. Bxe4 Qxe4 30. Rxa6 h5 31. f3 Qd5 32. Rd6 Qxa2 33. Rd4 e5
34. Rd8+ Kh7 35. Rd6 h4+ 36. Kh2 Qf2 37. Rd1 Qg3+ 0-1

[Event "grenke Chess Open 2025"]
[Site "Karlsruhe GER"]
[Date "2025.04.18"]
[Round "3.46"]
[White "Stricker, Florian"]
[Black "Yankelevich, Lev"]
[Result "0-1"]
[BlackTitle "GM"]
[WhiteElo "2250"]
[BlackElo "2413"]
[WhiteFideId "12976385"]
[BlackFideId "24684074"]
[EventDate "2025.04.17"]

1. e4 e5 2. Nf3 Nc6 3. Nc3 Nf6 4. h3 d5 5. exd5 Nxd5 6. Bb5 Nxc3 7. bxc3 Bd6 8.
O-O O-O 9. d4 exd4 10. cxd4 Nb4 11. c4 c6 12. Ba4 Bf5 13. a3 Na6 14. Bc2 Qd7 15.
Rb1 b5 16. d5 bxc4 17. dxc6 Bh2+ 18. Nxh2 Qxd1 19. Bxd1 Bxb1 20. Bf3 Bd3 21. Rd1
Rac8 22. Bf4 Rfe8 23. Rc1 Nc5 24. Ng4 Nb3 25. Rc3 Nd4 26. Ne5 Nxf3+ 27. gxf3 Be2 0-1

[Event "grenke Chess Open 2025"]
[Site "Karlsruhe GER"]
[Date "2025.04.18"]
[Round "3.47"]
[White "Czopor, Maciej"]
[Black "Agrest, Inna"]
[Result "1/2-1/2"]
[WhiteTitle "FM"]
[BlackTitle "WIM"]
[WhiteElo "2412"]
[BlackElo "2227"]
[WhiteFideId "21805431"]
[BlackFideId "1708830"]
[EventDate "2025.04.17"]

1. c4 e6 2. Nf3 d5 3. e3 c5 4. cxd5 exd5 5. d4 a6 6. Nc3 Nf6 7. Be2 Nc6 8. O-O
Bd6 9. dxc5 Bxc5 10. b3 O-O 11. Bb2 Be6 12. Rc1 Bd6 13. Nd4 Rc8 14. Na4 Ne7 15.
Nxe6 fxe6 16. Bg4 Rxc1 17. Bxe6+ Kh8 18. Qxc1 Bxh2+ 19. Kxh2 Qd6+ 20. Kg1 Qxe6
21. Qc7 Rc8 22. Qxb7 Ng4 23. Qb4 Rc2 24. Qb8+ Ng8 25. Qf4 Qg6 26. a3 h6 27. Bd4
N8f6 28. Nc5 Ne4 29. Qb8+ Kh7 30. Nd7 Qf7 31. Nf8+ Kg8 32. Ne6+ Kh7 33. Qf8 Qxf8
34. Nxf8+ Kg8 35. Ng6 Ngxf2 36. Ne7+ Kh7 37. Nxd5 Ng4 38. Rf4 Rc1+ 39. Rf1 Rc2
40. Rf4 1/2-1/2

[Event "grenke Chess Open 2025"]
[Site "Karlsruhe GER"]
[Date "2025.04.18"]
[Round "3.48"]
[White "De Boer, Eelke"]
[Black "Bargsten, Justus"]
[Result "1-0"]
[WhiteTitle "IM"]
[BlackTitle "CM"]
[WhiteElo "2412"]
[BlackElo "2214"]
[WhiteFideId "1048120"]
[BlackFideId "12974188"]
[EventDate "2025.04.17"]

1. e4 e5 2. Nf3 Nc6 3. Bb5 a6 4. Ba4 Nge7 5. O-O g6 6. c3 Bg7 7. d4 exd4 8. cxd4
b5 9. Bc2 d5 10. Nc3 O-O 11. h3 dxe4 12. Bxe4 Bf5 13. Bg5 Bxe4 14. Nxe4 h6 15.
Bf6 Bxf6 16. Nxf6+ Kg7 17. Ne4 Qd5 18. Nc3 Qf5 19. Qb3 Rad8 20. Rfd1 Nd5 21.
Nxd5 Qxd5 22. Qa3 Rd6 23. Rac1 b4 24. Qa4 Qb5 25. Qb3 Rfd8 26. Qe3 Qf5 27. Rc4
Qf6 28. a3 a5 29. Kh2 Rd5 30. Rd3 R8d6 31. Qe4 Rd7 32. g3 Rd8 33. Kg2 Qd6 34. h4
h5 35. Rd2 Qf6 36. axb4 axb4 37. b3 Qd6 38. Rd3 Qf6 39. Ng5 R8d7 40. Rf3 Qd6 41.
Qe8 Rxg5 42. hxg5 Nxd4 43. Rf4 Ne6 44. Rfe4 Qd5 45. Rxb4 c5 46. Rb8 Qxe4+ 47.
Kh2 Nxg5 48. Qh8# 1-0

[Event "grenke Chess Open 2025"]
[Site "Karlsruhe GER"]
[Date "2025.04.18"]
[Round "3.49"]
[White "Nurgaliyeva, Zarina"]
[Black "Schneider, Ilja"]
[Result "1-0"]
[WhiteTitle "WFM"]
[BlackTitle "IM"]
[WhiteElo "2199"]
[BlackElo "2408"]
[WhiteFideId "13730096"]
[BlackFideId "4663306"]
[EventDate "2025.04.17"]

1. e4 e5 2. Nf3 Nc6 3. Nc3 Nf6 4. Bb5 Bd6 5. a3 O-O 6. d3 Re8 7. h3 Ne7 8. O-O
c6 9. Bc4 Bc7 10. d4 d6 11. Be3 exd4 12. Bxd4 Nxe4 13. Nxe4 d5 14. Bb3 dxe4 15.
Ng5 Qd6 16. Bxf7+ Kf8 17. g3 Rd8 18. Qh5 Bf5 19. Rad1 Qh6 20. Ne6+ Bxe6 21. Qxh6
gxh6 22. Bxe6 Rd6 23. Bg4 Rad8 24. Be3 1-0

[Event "grenke Chess Open 2025"]
[Site "Karlsruhe GER"]
[Date "2025.04.18"]
[Round "3.50"]
[White "Kowalski, Igor"]
[Black "Nied, Pascal"]
[Result "1/2-1/2"]
[WhiteTitle "IM"]
[WhiteElo "2407"]
[BlackElo "2190"]
[WhiteFideId "1172468"]
[BlackFideId "16260597"]
[EventDate "2025.04.17"]

1. d4 Nf6 2. Nf3 d5 3. g3 e6 4. Bg2 Be7 5. O-O O-O 6. c4 dxc4 7. Qc2 a6 8. a4
Bd7 9. Qxc4 Bc6 10. Bg5 Bd5 11. Qd3 h6 12. Bxf6 Bxf6 13. e4 Bc6 14. Rd1 a5 15.
d5 exd5 16. exd5 Bd7 17. Nc3 Na6 18. Rac1 Qe7 19. b3 Rfd8 20. Re1 Qf8 21. Ne4
Be7 22. Nd4 c6 23. Nc3 Bf6 24. Red1 Nb4 25. Qe2 Rac8 26. dxc6 Nxc6 27. Nxc6 Bxc6
28. Bxc6 Rxc6 29. Ne4 Qe8 30. Rxc6 Qxc6 31. Rxd8+ Bxd8 32. Qc4 Qxc4 33. bxc4 Kf8
34. Kf1 Ke7 35. Ke2 Kd7 36. Nc5+ Kc6 37. Nd3 Kd6 38. g4 b6 39. f4 g6 40. h3 Ke6
41. Kf3 f5 42. Ne5 Kf6 43. gxf5 gxf5 44. Kg3 1/2-1/2